000 00639nam a2200253Ia 4500
003 OSt
005 20220912151942.0
006 a|||||r|||| 00| 0
007 ta
008 220909b |||||||| |||| 00| 0 eng d
024 _a64040
037 _cTextual
040 _aCSL
_beng
_cCSL
041 _aeng
082 _aL:4231:5.2SN6, K6
100 _aPatnaik K C
245 0 _aStatistical review of small pox problem in India
260 _c1966
300 _ap.
_ccm.
650 _aMedicine
700 _a Kapoor P N
942 _hL:4231:5.2SN6, K6
_cTEXL
_2CC
999 _c77837
_d77837